000
00247nam a2200097Ia 4500
001
714735
005
20250826162911.0
008
250824s9999 xx 000 0 und d
245
0
_a
KIRIK DENİZ KABUKLARI
_c
SELİM İLERİ
260
_b
EVEREST YAYINLARI
999
_c
714735
_d
714735